| 000 | 01177nam a2200265 i 4500 | ||
|---|---|---|---|
| 001 | 165415 | ||
| 003 | ES-MaACL | ||
| 005 | 20251014063241.0 | ||
| 008 | 990909s1828 gw |||| | lat d | ||
| 040 |
_aCLM _bspa _cCLM |
||
| 100 | 1 |
_aSimon, Johann Georg, _d1636-1696 _9132759 |
|
| 245 | 1 | 0 |
_aLexicon manuale hebraicum et chaldaicum in veteris testamenti libros ... / _cpost Joa. Godofr. Eichhornii ... ; emendauit ... Georg. Benedict. Winer ... |
| 250 | _aEditio quarta. | ||
| 260 |
_aLipsiae : _bapud Fridericum Fleischer, _c1828. |
||
| 300 |
_a[6], 1094, [2]p. ; _c23 cm. |
||
| 500 | _aEncarado a port.: Lexicon manuale hebraicum et chaldaicum in veteris testamenti libros ... edidit Georg. Benedict. Winer. - Lipsiae: apud Fridericum Fleischer, 1828. | ||
| 530 | _aDisponible en formato digital. | ||
| 597 | _aAntep. | ||
| 630 | 0 | 7 |
_aBiblia. _pA. T.- _vDiccionarios _2 _9159316 |
| 700 | 1 |
_aEichorn, Johann ( _dfl. 1549-1581) _9159317 |
|
| 700 | 1 |
_aWiner, Georg Benedict. _9159318 |
|
| 852 |
_aES-MaACL _jF-13704 _z-- Enc. hol. |
||
| 856 |
_uhttp://bdh-rd.bne.es/viewer.vm?id=0000112758&page=1 _zBiblioteca Digital Hispánica |
||
| 999 |
_c165415 _d165415 |
||